MARKI CHIPSÓW I CHRUPEK - Statystyki

Ogólne statystyki
  • Ten quiz został rozwiązany 144 razy
  • Średni wynik to 4 z 6
Statystyki odpowiedzi
Hint Odpowiedź % Poprawnych
1. LAYS
100%
2. CHEETOS
73%
3. CRUNCHIPS
70%
5. PRINGLES
50%
4. WIEJSKIE ZIEMNIACZKI
34%
6. TOP CHIPS
23%
Nie znaleziono quizów pasujących do podanych kryteriów
Rozkład punktacji
Procent ludzi z każdym wynikiem
Percentyl według liczby udzielonych odpowiedzi
Twoja historia wyników
Nie rozwiązałeś tego quizu